[Event "Plovdiv"]
[Site "Plovdiv"]
[Date "1984.??.??"]
[Round "1"]
[White "Short, Nigel D"]
[Black "Peev, Peicho Chonev"]
[Result "1-0"]
[WhiteElo "2500"]
[BlackElo "2405"]

1.e4 c5 2.Nf3 e6 3.d4 cxd4 4.Nxd4 a6 5.Bd3 Ne7 6.Nc3 Nec6 7.Nxc6 Nxc6 8.f4 d6
9.Qf3 Be7 10.Bd2 Qc7 11.O-O-O Bd7 12.Kb1 O-O 13.g4 Nb4 14.g5 Nxd3 15.cxd3 f5
16.gxf6 Bxf6 17.Rc1 Bc6 18.h4 Qf7 19.Qg4 Rac8 20.h5 h6 21.Rhg1 Kh8 22.Rcf1 Rc7
23.e5 Be7 24.exd6 Bxd6 25.Ne4 Bxe4 26.dxe4 Bc5 27.Rg3 Bd4 28.Qd1 Rd7 29.Qe2 Rfd8
30.Bc1 Bc5 31.Rg6 Rd3 32.f5 exf5 33.exf5 Be7 34.f6 Bxf6 35.Rfxf6 Qd7 36.Rxh6+ Kg8
37.Qe4 gxf6 38.Qg2+  1-0

[Event "Plovdiv"]
[Site "Plovdiv"]
[Date "1984.??.??"]
[Round "5"]
[White "Hazai, Laszlo"]
[Black "Velikov, Petar"]
[Result "1/2-1/2"]
[WhiteElo "2460"]
[BlackElo "2465"]

1.e4 c5 2.Nf3 e6 3.d4 cxd4 4.Nxd4 a6 5.Bd3 Nf6 6.O-O Qc7 7.f4 d6 8.Kh1 Nbd7
9.c4 Nc5 10.Nc3 Nxd3 11.Qxd3 Be7 12.f5 O-O 13.Bg5 h6 14.Bh4 Ng4 15.Bxe7 Qxe7
16.Qg3 Nf6 17.fxe6 fxe6 18.e5 dxe5 19.Qxe5 Qe8 20.Rae1 Bd7 21.h3 Qg6 22.Kh2 Rae8
23.Rf3 Qh5 24.Rg3 Qxe5 25.Rxe5 Bc8 26.Na4 Rf7 27.Rge3 Rd7 28.Nb3 Kf7 29.Nb6 Rc7
30.Nd4 Rd8 31.Nxe6 Bxe6 32.Rxe6 Rd2 33.Re2 Rxe2 34.Rxe2 Rc6 35.Nd5 Nxd5 36.cxd5 Rd6
37.Rc2 Kf6 38.Rc7 b5 39.Kg3 Rxd5 40.Rc6+ Kf5 41.Rxa6 Rd3+ 42.Kh4 Rd2 43.g4+ Ke5
44.Rg6 Rxb2 45.Kh5 Rh2 46.h4 Kf4 47.Rxg7 Kg3 48.Kxh6 Rxh4+ 49.Kg5 Rxg4+ 50.Kf6 Rxg7
51.Kxg7  1/2-1/2

[Event "Kamen Piskov mem 4"]
[Site "Ruse"]
[Date "1984.??.??"]
[Round "12"]
[White "Lazarov, Alexander"]
[Black "Ilievski, Dimitar"]
[Result "1/2-1/2"]
[WhiteElo "2200"]
[BlackElo "2365"]

1.e4 c5 2.Nf3 e6 3.d4 cxd4 4.Nxd4 a6 5.Bd3 Qc7 6.O-O Nc6 7.Be3 Nf6 8.Nc3 Nxd4
9.Bxd4 Bc5 10.Bxc5 Qxc5 11.Qe2 d6 12.Rfe1 e5 13.Bc4  1/2-1/2

[Event "Smederevska Palanka"]
[Site "Smederevska Palanka"]
[Date "1984.??.??"]
[Round "?"]
[White "Jansa, Vlastimil"]
[Black "Kirov, Nino"]
[Result "1/2-1/2"]
[WhiteElo "2475"]
[BlackElo "2455"]

1.e4 c5 2.Nf3 e6 3.d4 cxd4 4.Nxd4 a6 5.Bd3 Bc5 6.Nb3 Ba7 7.Qe2 Nc6 8.Be3 Bxe3
9.Qxe3 d6 10.Nc3 Nf6 11.O-O-O O-O 12.f4 Qc7 13.Rhg1 b5 14.g4 b4 15.g5 Ne8
16.Ne2 a5 17.Kb1 a4 18.Nd2 Qa7 19.Qxa7 Rxa7 20.Bb5 Ne7  1/2-1/2

[Event "BUL-ch"]
[Site "Sofia"]
[Date "1984.??.??"]
[Round "?"]
[White "Radev, Nikolai"]
[Black "Velikov, Petar"]
[Result "1-0"]
[WhiteElo "2325"]
[BlackElo "2460"]

1.e4 c5 2.Nf3 e6 3.d4 cxd4 4.Nxd4 a6 5.Bd3 Nf6 6.O-O d6 7.c4 Nbd7 8.Nc3 b6
9.f4 Bb7 10.Qe2 Qc7 11.Kh1 Be7 12.Bd2 O-O 13.Rae1 Rad8 14.Nf3 g6 15.b3 Rfe8
16.Bb1 Bf8 17.Qf2 Qc5 18.Be3 Qa5 19.Bd2 Qh5 20.h3 Bg7 21.Qg3 Qc5 22.Re2 b5
23.cxb5 axb5 24.Qe1 Nh5 25.Nd1 Qc6 26.g4 Nhf6 27.Kh2 Nc5 28.Nf2 e5 29.fxe5 dxe5
30.Bb4 Ne6 31.Rc2 Qa6 32.g5 Nh5 33.Ng4 Nef4 34.Rc5 Ne6 35.Rxe5 Bxe5+ 36.Nfxe5 Nxg5
37.Nh6+ Kg7 38.Nexf7 Bxe4 39.Bc3+ Nf6 40.Rxf6  1-0

[Event "BUL-ch"]
[Site "Sofia"]
[Date "1984.??.??"]
[Round "?"]
[White "Ermenkov, Evgenij"]
[Black "Velikov, Petar"]
[Result "1/2-1/2"]
[WhiteElo "2420"]
[BlackElo "2460"]

1.e4 c5 2.Nf3 e6 3.d4 cxd4 4.Nxd4 a6 5.Bd3 Nf6 6.O-O Qc7 7.Qe2 d6 8.f4 Nbd7
9.c4 Be7 10.b3 O-O 11.Bb2 Re8 12.Kh1 Bf8 13.Nc3 g6 14.Rae1 Bg7 15.Nc2 Nc5
16.Ne3 b6 17.e5 dxe5 18.fxe5 Nfd7 19.Be4 Nxe4 20.Nxe4 Bb7 21.Nd6 Rf8 22.Ng4 h5
23.Nf2 Rad8 24.Nxb7 Qxb7 25.Qe3 Nc5 26.Bd4 Qc6 27.Rd1 a5 28.a3 Qc7 29.Rde1 Rd7
30.b4 axb4 31.axb4 Nb3 32.Bxb6 Qxc4 33.Ne4 Bxe5 34.Nf6+ Bxf6 35.Rxf6 Rb8
36.Ref1 Nd2 37.Qg3 Rxb6 38.Rxg6+ fxg6 39.Qxg6+ Rg7 40.Qe8+ Kh7  1/2-1/2

[Event "Tatran Cup"]
[Site "Stary Smokovec"]
[Date "1984.??.??"]
[Round "8"]
[White "Utasi, Tamas"]
[Black "Plachetka, Jan"]
[Result "1/2-1/2"]
[WhiteElo "2505"]
[BlackElo "2410"]

1.e4 c5 2.Nf3 e6 3.d4 cxd4 4.Nxd4 a6 5.Bd3 Qc7 6.O-O Nf6 7.Qe2 d6 8.Kh1 g6
9.f4 Bg7 10.a4 O-O 11.a5 e5 12.fxe5 dxe5 13.Nb3 Be6 14.Be3 Nbd7 15.Nc3 Rae8
16.Ra4 Nh5 17.Nd5 Bxd5 18.exd5 Nf4 19.Qf3 Nxd3 20.cxd3 Qc2 21.Rb4 f5 22.Rxb7 e4
23.dxe4 Ne5 24.Qd1 Qxe4 25.Bb6 Ng4 26.Nc5 Qe5 27.Rxg7+ Kxg7 28.Ne6+ Kg8 29.Bc7 Qxb2
30.Bb6 Qe5 31.Bc7 Qb2 32.Bb6 Rf7 33.h3 Nf6 34.Ng5 Rff8 35.Ne6 Ne4 36.Nxf8 Ng3+
37.Kg1 Ne2+ 38.Kh1 Ng3+ 39.Kg1 Ne2+ 40.Kh1 Ng3+  1/2-1/2

[Event "Thessaloniki ol (Women)"]
[Site "Thessaloniki"]
[Date "1984.??.??"]
[Round "2"]
[White "Kondou, Eva"]
[Black "Bellin, Jana"]
[Result "0-1"]
[WhiteElo "2045"]
[BlackElo "2245"]

1.e4 c5 2.Nf3 e6 3.d4 cxd4 4.Nxd4 a6 5.Bd3 Nf6 6.c4 d6 7.O-O b6 8.Nc3 Bb7
9.b3 Nc6 10.Nxc6 Bxc6 11.Bb2 Be7 12.Kh1 O-O 13.f4 Nd7 14.Qe2 Bf6 15.Rad1 Qc7
16.Bb1 Rad8 17.Qc2 g6 18.Qd2 Qc8 19.Rf3 Qa8 20.f5 Ne5 21.Rh3 h5 22.Qe2 Ng4
23.Rg3 Be5 24.Rxg4 hxg4 25.Qxg4 Kg7 26.fxg6 fxg6 27.Qxe6 Rde8 28.Qg4 Rf2
29.Ne2 Bxb2 30.Rxd6 Rf1+ 31.Ng1 Rf6 32.Rxf6 Bxf6 33.e5 Bxg2+ 34.Qxg2 Qxg2+
35.Kxg2 Bxe5 36.Nf3 Bf6 37.Kf2 Bc3 38.Bc2 Kf6 39.Bd3 g5 40.h3 Rd8 41.Ke3 Re8+
42.Kf2 a5 43.a3 Bb2 44.a4 Bc3 45.Bc2 Bb4 46.Nh2 Bc5+ 47.Kf1 Ke5 48.Nf3+ Kf4  0-1

[Event "Thessaloniki ol (Women)"]
[Site "Thessaloniki"]
[Date "1984.??.??"]
[Round "4"]
[White "Van der Mije, Alexandra"]
[Black "Tagnon, Nicole"]
[Result "1-0"]
[WhiteElo "2115"]
[BlackElo "2030"]

1.e4 c5 2.Nf3 e6 3.d4 cxd4 4.Nxd4 a6 5.Bd3 Nf6 6.O-O Qc7 7.c4 b6 8.Qe2 d6
9.Nc3 Bb7 10.Kh1 Nbd7 11.f4 Be7 12.Bd2 O-O 13.Rac1 Rfe8 14.Nf3 Rad8 15.b4 Qb8
16.a3 Bf8 17.Bc2 Qa8 18.Be1 g6 19.Bh4 Bh6 20.Ng5 Bg7 21.Ba4 Rf8 22.Nf3 b5
23.cxb5 axb5 24.Bxb5 Qxa3 25.e5 dxe5 26.Bxd7 Rxd7 27.fxe5 Nd5 28.Nxd5 Bxd5
29.b5 Rb8 30.Bf6 Bxf3 31.Qxf3 Qxf3 32.Rxf3 Rxb5 33.Rc8+ Bf8 34.h3 Rbd5 35.Rb3 h5
36.Rbb8  1-0

[Event "Thessaloniki ol (Women)"]
[Site "Thessaloniki"]
[Date "1984.??.??"]
[Round "5"]
[White "Erenska Radzewska, Hanna"]
[Black "Muresan, Margareta"]
[Result "1/2-1/2"]
[WhiteElo "2240"]
[BlackElo "2195"]

1.e4 c5 2.Nf3 e6 3.d4 cxd4 4.Nxd4 a6 5.Bd3 Nf6 6.O-O d6 7.c4 Be7 8.Nc3 b6
9.Kh1 Bb7 10.Qe2 O-O 11.b3 Nc6 12.Nxc6 Bxc6 13.Bb2 Re8 14.Qf3 Nd7 15.Qh3 g6
16.f4 Bf6 17.Rad1 Qc7 18.Rd2 Bg7 19.Bb1 Rad8 20.Rfd1 Nc5 21.Bc2 b5 22.b4 Nb7
23.cxb5 axb5 24.Bb3 Qb6 25.Re1 Rc8 26.Qd3 Red8  1/2-1/2

[Event "Thessaloniki ol (Women)"]
[Site "Thessaloniki"]
[Date "1984.??.??"]
[Round "6"]
[White "Veroci, Zsuzsa"]
[Black "Bellin, Jana"]
[Result "1/2-1/2"]
[WhiteElo "2295"]
[BlackElo "2245"]

1.e4 c5 2.Nf3 e6 3.d4 cxd4 4.Nxd4 a6 5.Bd3 Nf6 6.O-O d6 7.c4 Bd7 8.Nc3 Nc6
9.Nxc6 Bxc6 10.Qe2 Be7 11.f4 Nd7 12.Kh1 O-O 13.b3 Bf6 14.Bb2 Qa5 15.Rac1 b5
16.cxb5 axb5 17.e5 dxe5 18.Ne4 Bxe4 19.Qxe4 g6 20.fxe5 Bg5 21.b4 Qxa2 22.Ra1 Qd5
23.Qxd5 exd5 24.Bxb5 Nb6 25.Bd4 Rab8 26.Bc5 Rfd8 27.Bd6 Rbc8 28.Ra7 Nc4 29.Bxc4 Rxc4
30.Raxf7 d4 31.R7f3 Bd2 32.b5 Bb4 33.b6 Bxd6 34.exd6 Rb4  1/2-1/2

[Event "Thessaloniki ol (Women)"]
[Site "Thessaloniki"]
[Date "1984.??.??"]
[Round "7"]
[White "Kondou, Eva"]
[Black "Tagnon, Nicole"]
[Result "1-0"]
[WhiteElo "2045"]
[BlackElo "2030"]

1.e4 c5 2.Nf3 e6 3.d4 cxd4 4.Nxd4 a6 5.Bd3 Nf6 6.c4 d6 7.Nc3 g6 8.Be3 Bg7
9.O-O O-O 10.Rc1 Nbd7 11.h3 b6 12.f4 Bb7 13.f5 exf5 14.exf5 Nh5 15.fxg6 hxg6
16.Nf5 Be5 17.Nh6+ Kg7 18.Be4 Bxe4 19.Nxe4 Nc5 20.Qd5 Ra7 21.Nxc5 bxc5 22.Ng4 Nf6
23.Bh6+ Kh7 24.Nxf6+ Kxh6 25.Ng4+ Kh7 26.Nxe5 dxe5 27.Qxe5 Qd4+ 28.Qxd4 cxd4
29.Rcd1 Rd8 30.Rd3 Kg7 31.Re1 f5 32.Kf2 Kf6 33.Red1 Ke5 34.Re1+ Kf6 35.Kf3 g5
36.g3 Rh8 37.Kg2 Rb7 38.b3 a5 39.h4 gxh4 40.gxh4 Rhh7 41.Rh1 Rh5 42.Kf3 Ke5
43.Re1+ Kf6 44.Rh1 Ke5 45.Rh2 Rd7 46.Re2+ Kf6 47.Rh2 Ke5 48.Rd1 Rd8 49.a3 d3
50.Ke3 f4+ 51.Kd2 Ke4 52.Rh3 f3 53.Re1+ Kf4 54.Rf1 Kg4 55.Rfxf3 Rxh4 56.Rxh4+ Kxf3
57.Rh3+ Ke4 58.Re3+ Kf4 59.Rxd3 Rb8  1-0

[Event "Thessaloniki ol (Women)"]
[Site "Thessaloniki"]
[Date "1984.??.??"]
[Round "13"]
[White "Bellin, Jana"]
[Black "Muresan, Margareta"]
[Result "1/2-1/2"]
[WhiteElo "2245"]
[BlackElo "2195"]

1.e4 c5 2.Nf3 e6 3.d4 cxd4 4.Nxd4 a6 5.Bd3 Nf6 6.c4 Nc6 7.Nxc6 dxc6 8.O-O e5
9.Bg5 Be7 10.Nc3 Be6 11.Qc2 O-O 12.Rab1 Nh5 13.Be3 Bg5 14.Be2 Bxe3 15.Bxh5 Bd4
16.Ne2 Qg5 17.Nxd4 exd4 18.Be2 Bh3 19.Bf3 Rad8 20.Kh1 Be6 21.Be2 Qf4 22.Bd3 f5
23.Rbe1 g6 24.Qd1 fxe4 25.Rxe4 Qd6 26.c5 Qd7 27.Qe2 Bd5 28.Re7 Qh3 29.f3 Qh4  1/2-1/2

[Event "Tirnavia"]
[Site "Trnava"]
[Date "1984.??.??"]
[Round "1"]
[White "Sznapik, Aleksander"]
[Black "Velikov, Petar"]
[Result "1/2-1/2"]
[WhiteElo "2460"]
[BlackElo "2465"]

1.e4 c5 2.Nf3 e6 3.d4 cxd4 4.Nxd4 a6 5.Bd3 Nf6 6.O-O Qc7 7.c4 Nc6 8.Nxc6 dxc6
9.Be3 e5 10.Nc3 Ng4 11.Bd2 Bc5 12.Qe2 O-O 13.h3 Nf6 14.Rac1 Qe7 15.Na4 Bd4
16.c5 Be6 17.Bc4  1/2-1/2

[Event "Tirnavia"]
[Site "Trnava"]
[Date "1984.??.??"]
[Round "3"]
[White "Mokry, Karel"]
[Black "Velikov, Petar"]
[Result "1/2-1/2"]
[WhiteElo "2435"]
[BlackElo "2465"]

1.e4 c5 2.Nf3 e6 3.d4 cxd4 4.Nxd4 a6 5.Bd3 Nf6 6.O-O Qc7 7.c4 Nc6 8.Nxc6 dxc6
9.Be3 e5 10.h3 Nd7 11.Nc3 Nc5 12.Bc2 a5 13.a3 Be7 14.Qe2 O-O 15.Rfd1 Be6
16.Rab1 Rfd8 17.Rxd8+ Qxd8 18.b4 Na6 19.c5 axb4 20.axb4 Nc7 21.Rd1 Qe8 22.Ba4 h6
23.Qc2 Rd8 24.Rxd8 Qxd8 25.b5 cxb5 26.Nxb5 Na6 27.c6 bxc6 28.Qxc6 Nb4 29.Qc7  1/2-1/2

[Event "Tirnavia"]
[Site "Trnava"]
[Date "1984.??.??"]
[Round "7"]
[White "Lanc, Alois"]
[Black "Velikov, Petar"]
[Result "0-1"]
[WhiteElo "2390"]
[BlackElo "2465"]

1.e4 c5 2.Nf3 e6 3.d4 cxd4 4.Nxd4 a6 5.Bd3 Nf6 6.O-O Qc7 7.Qe2 d6 8.c4 Nbd7
9.b3 g6 10.Bb2 Bg7 11.Nd2 O-O 12.Rac1 b6 13.Rfe1 Bb7 14.Bb1 Rfe8 15.Nf1 Rac8
16.Qe3 Qb8 17.Qh3 Nc5 18.Nf3 b5 19.N1d2 e5 20.Re2 Bc6 21.g3 bxc4 22.Rxc4 Bb5
23.Ba3 h6 24.Bxc5 Bxc4 25.Nxc4 Rxc5 26.Nfd2 d5 27.exd5 Nxd5 28.Re1 Nc3 29.Qg2 Nxb1
30.Nxb1 Rd8 31.Qf3 Rcd5 32.Qe2 Qb4 33.Rc1 Rd3 34.Nba3 h5 35.Rf1 Qc3 36.Nb1 Qd4
37.Nba3 Rd1 38.Nc2 Rxf1+ 39.Kxf1 Qd5 40.Kg1 Qd1+ 41.Qxd1 Rxd1+ 42.Kg2 e4
43.Nb4 Ra1 44.a4 Bd4 45.Nc2 Rd1 46.b4 Rc1 47.N4e3 Ba7  0-1

[Event "Tirnavia"]
[Site "Trnava"]
[Date "1984.??.??"]
[Round "9"]
[White "Mokry, Karel"]
[Black "Podzielny, Karl Heinz"]
[Result "1-0"]
[WhiteElo "2435"]
[BlackElo "2405"]

1.e4 c5 2.Nf3 e6 3.d4 cxd4 4.Nxd4 a6 5.Bd3 Qc7 6.O-O Nf6 7.Qe2 d6 8.c4 Be7
9.b3 O-O 10.Bb2 Nbd7 11.Nc3 Re8 12.f4 g6 13.Nf3 Bf8 14.Rae1 Bg7 15.Kh1 b5
16.cxb5 Nc5 17.Bb1 Qa5 18.Nd4 Bb7 19.a3 e5 20.b4 Qc7 21.fxe5 dxe5 22.Nf5 gxf5
23.bxc5 Nxe4 24.c6 Nxc3 25.Bxc3 Bc8 26.a4 axb5 27.axb5 Rb8 28.Bxf5 Bxf5 29.Rxf5 Qb6
30.Qc4 Qxb5 31.Qxf7+ Kh8 32.c7 Rbc8 33.Rg5 Rg8 34.h3 Qc6 35.Ba5 Bf6 36.Rxg8+ Rxg8
37.Qa2 Bh4 38.Rd1 Re8 39.Qd5 Qc2 40.Rf1 Bg5 41.Qf7  1-0

[Event "Vrnjacka Banja"]
[Site "Vrnjacka Banja"]
[Date "1984.??.??"]
[Round "?"]
[White "Martinovic, Slobodan"]
[Black "Adamski, Jan"]
[Result "1/2-1/2"]
[WhiteElo "2460"]
[BlackElo "2460"]

1.e4 c5 2.Nf3 e6 3.d4 cxd4 4.Nxd4 a6 5.Bd3 Nf6 6.O-O d6 7.b3 Nbd7 8.c4 Nc5
9.Nc3 Nxd3 10.Qxd3 Be7 11.Bb2 O-O 12.Kh1 Qc7 13.f4 Bd7 14.Rae1 Bc6 15.e5 dxe5
16.fxe5 Nd7 17.Qg3 Nc5 18.Rf4 Rad8 19.h4 a5 20.Rg4 g6 21.h5 f5 22.Rxg6+ hxg6
23.Qxg6+ Kh8  1/2-1/2

[Event "Zuerich op"]
[Site "Zuerich"]
[Date "1984.??.??"]
[Round "7"]
[White "Kindermann, Stefan"]
[Black "Gheorghiu, Florin"]
[Result "0-1"]
[WhiteElo "2490"]
[BlackElo "2505"]

1.e4 c5 2.Nf3 e6 3.d4 cxd4 4.Nxd4 a6 5.Bd3 Nf6 6.O-O d6 7.c4 b6 8.Nc3 Bb7
9.f4 Nc6 10.Be3 Be7 11.Nxc6 Bxc6 12.e5 dxe5 13.fxe5 Nd7 14.Qg4 g6 15.Qg3 Qc7
16.Bd4 Nc5 17.Bc2 Rd8 18.Rad1 O-O 19.Qe3 Rxd4 20.Qxd4 Nd7 21.Qf4 Nxe5 22.Be4 Be8
23.Bb1 f5 24.Rfe1 Bf6 25.Qg3 Bf7 26.b3 Rc8 27.Ne2 Qc5+ 28.Kf1 Qe7 29.Nd4 Qc7
30.Bxf5 exf5 31.Nxf5 Rf8 32.Rd6 Nd7 33.Re7 Bxe7 34.Nxe7+ Kg7 35.Qc3+ Kh6
36.Nf5+ Kg5 37.h4+ Kxf5 38.Qf3+ Ke5 39.Qg3+ Ke4 40.Qf3+ Ke5 41.Qg3+ Ke4 42.Rd4+ Kxd4
43.Qxc7 Bxc4+ 44.Kg1 Rf1+ 45.Kh2 Bb5 46.Qd6+ Kc3 47.a4 Rf6 48.Qe7 Bc6 49.Qe3+ Kc2
50.Qe2+ Kxb3 51.Qxa6 Kb4 52.Qd3 h5 53.Kg1 Kxa4 54.Qd4+ Ka5 55.Kh2 Ka6 56.Kg1 Kb7
57.Kh2 Re6  0-1

[Event "URS-ch sf"]
[Site "Aktjubinsk"]
[Date "1985.??.??"]
[Round "?"]
[White "Giorgadze, Tamaz"]
[Black "Sideif Sade, Fikret I"]
[Result "1-0"]
[WhiteElo "2500"]
[BlackElo "2340"]

1.e4 c5 2.Nf3 e6 3.d4 cxd4 4.Nxd4 a6 5.Bd3 Ne7 6.O-O Nec6 7.Nb3 Be7 8.f4 d6
9.N1d2 Nd7 10.Nf3 b6 11.Qe1 Bb7 12.Be3 O-O 13.Rd1 Qc7 14.c3 e5 15.f5 b5 16.g4 Rfe8
17.g5 Na5 18.Nxa5 Qxa5 19.Bb1 Qc7 20.Nh4 Bf8 21.g6 Nf6 22.Bg5 Be7 23.Ng2 Qc5+
24.Kh1 d5 25.Bxf6 Bxf6 26.Bc2 fxg6 27.fxg6 d4 28.Rxf6 gxf6 29.Qh4 Re7 30.Qxf6 Rg7
31.gxh7+ Kh8 32.Nh4 d3 33.Ng6+ Kxh7 34.Qh4+ Kxg6 35.Rxd3 Rf8 36.Rg3+ Kf7
37.Qh5+ Ke6 38.Qh3+ Kd6 39.Rxg7 Qf2 40.Rd7+ Kc5 41.b4+  1-0

[Event "OHRA-B"]
[Site "Amsterdam"]
[Date "1985.??.??"]
[Round "7"]
[White "Ermenkov, Evgenij"]
[Black "Enklaar, Bertus F"]
[Result "0-1"]
[WhiteElo "2520"]
[BlackElo "2395"]

1.e4 c5 2.Nf3 e6 3.d4 cxd4 4.Nxd4 a6 5.Bd3 Nc6 6.Nxc6 dxc6 7.Be3 e5 8.Nd2 Be6
9.a4 Bd6 10.a5 Nf6 11.O-O O-O 12.Qe2 Qe7 13.Rfd1 Bc5 14.Bxc5 Qxc5 15.Bc4 Bg4
16.Nf3 Bxf3 17.gxf3 Nh5 18.Rd7 Nf4 19.Qf1 b5 20.Bb3 Ra7 21.Rad1 Rxd7 22.Rxd7 Qb4
23.Qd1 Qxa5 24.h4 c5 25.c4 Ne6 26.cxb5 Nd4 27.Bd5 Qb6 28.bxa6 Qxa6 29.f4 Qg6+
30.Kh2 exf4 31.e5 f3 32.Qg1 Qf5 33.Re7 h6 34.Qg3 g5 35.hxg5 hxg5 36.Qh3 Qf4+
37.Qg3 Qf5 38.Qh3 Qf4+ 39.Qg3 Qxg3+ 40.fxg3 g4 41.Rc7 Nf5 42.Kg1 Nxg3 43.Kf2 Nh5
44.Ke3 Ng7 45.Rxc5 Rd8 46.b4 Nf5+ 47.Kf4 Ne7 48.Be4 Rd4 49.Ke3 Rxb4 50.e6 f6
51.Rc7 f5 52.Bc2 Nd5+  0-1

[Event "Bayern-ch"]
[Site "Ansbach"]
[Date "1985.??.??"]
[Round "7"]
[White "Ruehrig, Volkhard"]
[Black "Podzielny, Karl Heinz"]
[Result "0-1"]
[WhiteElo "2375"]
[BlackElo "2415"]

1.e4 c5 2.Nf3 e6 3.d4 cxd4 4.Nxd4 a6 5.Bd3 Nf6 6.O-O Qc7 7.b3 Be7 8.Bb2 d6
9.Nd2 Nbd7 10.c4 O-O 11.Qe2 Re8 12.Rfe1 b6 13.Rad1 Bb7 14.N4f3 e5 15.Rc1 Nc5
16.Bc2 Bc6 17.b4 Ne6 18.c5 bxc5 19.Bb3 Bf8 20.Bxe6 Rxe6 21.bxc5 dxc5 22.Nb3 Nxe4
23.Qc2 f5 24.Qc4 Re8 25.Nxe5 Bb5 26.Qc2 Rxe5 27.Bxe5 Qxe5 28.a4 Bd6 29.g3 Bc6
30.f3 f4 31.gxf4 Qxf4 32.fxe4 Bxe4 33.Qc4+ Kh8 34.Re2 Re5 35.Rf2 Qg4+  0-1

[Event "Baden-Baden"]
[Site "Baden-Baden"]
[Date "1985.??.??"]
[Round "1"]
[White "Mrdja, Milan"]
[Black "Gheorghiu, Florin"]
[Result "0-1"]
[WhiteElo "2425"]
[BlackElo "2515"]

1.e4 c5 2.Nf3 e6 3.d4 cxd4 4.Nxd4 a6 5.Bd3 Nf6 6.f4 d6 7.Qf3 g6 8.Nc3 Bg7
9.Be3 O-O 10.h3 Nc6 11.Qf2 Nb4 12.Bf1 Qc7 13.a3 e5 14.fxe5 dxe5 15.Nb3 Nxe4
16.Nxe4 Nxc2+ 17.Kd1 Rd8+ 18.Ned2 Be6 19.Bb6 Qc6 20.Na5 Qa4 21.b3 Bxb3 22.Bxd8 Nxa1+
23.Naxb3 Rxd8 24.Qb6 Qxb3+  0-1

[Event "Baden-Baden"]
[Site "Baden-Baden"]
[Date "1985.??.??"]
[Round "3"]
[White "Ermenkov, Evgenij"]
[Black "Gheorghiu, Florin"]
[Result "0-1"]
[WhiteElo "2520"]
[BlackElo "2515"]

1.e4 c5 2.Nf3 e6 3.d4 cxd4 4.Nxd4 a6 5.Bd3 Nf6 6.O-O d6 7.c4 Be7 8.Nc3 O-O
9.b3 Nbd7 10.Bb2 g6 11.Kh1 Re8 12.f4 e5 13.Nde2 exf4 14.Nxf4 Bf8 15.Bc2 Ne5
16.Nfd5 Nxd5 17.Nxd5 Bg7 18.Qd4 Be6 19.a4 Rc8 20.a5 Bxd5 21.Qxd5 Re7 22.Rad1 Nc6
23.Ba3 Qxa5 24.Bxd6 Rd7 25.Qxa5 Nxa5 26.Rd5 Nc6 27.Rfd1 Ne7 28.R5d3 Nc6 29.Rd5 Ne7
30.R5d3 h5 31.g3 Nc6 32.Rd5 Ne7 33.R5d3 Nc6 34.b4 Bf8 35.b5 Rxd6 36.Rxd6 Bxd6
37.Rxd6 axb5 38.cxb5 Ne5 39.Bb3 Rc1+ 40.Kg2 Rb1 41.Rd5 Rb2+ 42.Kf1 Ng4 43.Rd8+ Kh7
44.Bd5 Nxh2+ 45.Ke1 Nf3+ 46.Kf1 Rxb5 47.Rd7 Ng5 48.Rxb7 Rxb7 49.Bxb7 Kg7
50.Ke2 Kf6 51.Ke3 Ne6 52.Bc6 g5 53.Be8 Nd8 54.Kd3 Kg6 55.Ke3 g4 56.Kf4 Ne6+
57.Ke3 Ng7 58.Bd7 Kg5 59.e5 h4 60.gxh4+ Kxh4 61.Kf2 Kh3 62.Kg1 Ne6 63.Be8 Ng5
64.Kh1 Kg3 65.Bd7 Ne6 66.Kg1 Kf4 67.Kg2 Kxe5 68.Kg3 f5 69.Ba4 Nc5 70.Bd1 Ne4+
71.Kh4 Kf4 72.Be2 g3  0-1

[Event "Baden-Baden"]
[Site "Baden-Baden"]
[Date "1985.??.??"]
[Round "7"]
[White "Janssen, Han"]
[Black "Farago, Ivan"]
[Result "1/2-1/2"]
[WhiteElo "2295"]
[BlackElo "2510"]

1.e4 c5 2.Nf3 e6 3.d4 cxd4 4.Nxd4 a6 5.Bd3 Bc5 6.Nb3 Ba7 7.O-O Ne7 8.Qe2 Nbc6
9.Be3 e5 10.c4 d6 11.Rd1 O-O 12.Bxa7 Rxa7 13.Nc3 b6 14.Rd2 Ng6 15.Qe3 Be6
16.Rad1 Qb8 17.Be2 Rd8 18.g3 f6 19.h4 Nf8 20.f4 exf4 21.gxf4 Bf7 22.Bd3 Nb4
23.Nd4 Rc7 24.Nd5 Bxd5 25.cxd5 Qc8 26.Rg2 Re8 27.Bb1 Nxd5 28.Qb3 Rc4 29.Nf5 Nxf4
30.Nxd6 Qc5+ 31.Kh2 Nxg2 32.Kxg2 Rc8 33.Bd3 b5 34.Nxc8 Qxc8 35.Bxc4+ bxc4
36.Qf3 Ng6 37.Kf1 Nxh4 38.Qc3 Ng6 39.b3 Ne5 40.Rc1  1/2-1/2

[Event "Boeblingen op"]
[Site "Boeblingen"]
[Date "1985.??.??"]
[Round "?"]
[White "Kindermann, Stefan"]
[Black "Melcher, Wolfgang"]
[Result "1/2-1/2"]
[WhiteElo "2490"]
[BlackElo "2200"]

1.e4 c5 2.Nf3 e6 3.d4 cxd4 4.Nxd4 a6 5.Bd3 g6 6.O-O Bg7 7.Nf3 d6 8.Nc3 Nf6
9.Bf4 O-O 10.Qd2 b5 11.a3 Bb7 12.Rfe1 Qc7 13.Bf1 Rd8 14.Rad1 Ne8 15.e5 Bf8
16.Qe3 Bxf3 17.Qxf3 d5 18.Bd3 Nc6 19.Qg3 Na5 20.Bc1 Nc4 21.Nb1 b4 22.axb4 Bxb4
23.c3 Bf8 24.Nd2 Nxd2 25.Bxd2 a5 26.Ra1 Qb6 27.Ra2 Qb3 28.Rea1 a4 29.Qf4 d4
30.Be4 dxc3 31.bxc3 Ra6 32.h4 a3 33.h5 Ra4 34.Qf3 Qc4 35.Bg5 Rc8 36.Bb7 Rc5
37.Be3 Rxe5 38.hxg6 hxg6 39.Qc6 Ng7 40.Bd4 Rea5 41.Qd7 Rh5 42.Qd8 Rb5 43.Bf3 e5
44.Be3 Ne6 45.Qd1 Rba5 46.Bb6 Ra6 47.Be2 Qxc3 48.Rc2 Qb4 49.Bxa6  1/2-1/2

[Event "Bor"]
[Site "Bor"]
[Date "1985.??.??"]
[Round "?"]
[White "Marjanovic, Slavoljub"]
[Black "Cvitan, Ognjen"]
[Result "1/2-1/2"]
[WhiteElo "2505"]
[BlackElo "2465"]

1.e4 c5 2.Nf3 e6 3.d4 cxd4 4.Nxd4 a6 5.Bd3 Nf6 6.O-O Qc7 7.Qe2 d6 8.c4 g6
9.Nc3 Bg7 10.Be3 Nbd7 11.Rac1 O-O 12.Rfd1 b6 13.f3 Bb7 14.Qf2 Rac8 15.Bf1 Qb8
16.Nc2 Rfe8 17.h3 Bf8 18.Kh1 Nh5 19.g4 Nhf6 20.Bf4 Ne5 21.Ne3 h6 22.h4 Bg7
23.Rc2 Bc6 24.Rcd2 Bf8 25.Qg3 Ba8 26.a3 b5 27.cxb5 Nxf3 28.Rxd6 Rxc3 29.Rxe6 Rxe6
30.bxc3 Qe8 31.Nd5 Nxd5 32.exd5 Rf6 33.Bg2 Nxh4 34.Be5 Rb6 35.Bd4 Qe2 36.Re1 Qxg2+
37.Qxg2 Nxg2 38.Re8 Rxb5 39.Rxa8 Nh4 40.Bf6 Rb1+ 41.Kh2 g5 42.c4 Rd1 43.Rd8 Rd2+
44.Kg3 Rd3+ 45.Kh2 Rd2+ 46.Kg3 Rg2+ 47.Kh3 Rf2 48.Be7 Ng6 49.d6 Kg7 50.Bxf8+ Nxf8
51.c5 Rc2 52.Rc8 Ne6 53.c6 Rc3+ 54.Kh2 Rc2+ 55.Kg1 Rc1+ 56.Kh2 Rc2+ 57.Kg1 Rc1+
58.Kh2 Rc2+  1/2-1/2

[Event "Alfoldi mem (Women)"]
[Site "Budapest"]
[Date "1985.??.??"]
[Round "?"]
[White "Van der Mije, Alexandra"]
[Black "Porubszky Angyalosine, Maria A"]
[Result "1/2-1/2"]
[WhiteElo "2125"]
[BlackElo "2160"]

1.e4 c5 2.Nf3 e6 3.d4 cxd4 4.Nxd4 a6 5.Bd3 Nf6 6.Nc3 Qc7 7.Qe2 Nc6 8.Nxc6 dxc6
9.e5 Nd5 10.Bd2 Bb4 11.O-O Bxc3 12.bxc3 c5 13.c4 Ne7 14.Rfe1 Bd7 15.Bg5 Ng6
16.Qh5 Bc6 17.Qh3 Ne7 18.Qh5 Ng6 19.Re3 h6 20.Bxg6 fxg6 21.Qxg6+ Qf7 22.Qxf7+ Kxf7  1/2-1/2

[Event "Alfoldi mem (Women)"]
[Site "Budapest"]
[Date "1985.??.??"]
[Round "?"]
[White "Bilunova, Rimma I"]
[Black "Szaday, Laszlone"]
[Result "1-0"]
[WhiteElo "2165"]
[BlackElo "1980"]

1.e4 c5 2.Nf3 e6 3.d4 cxd4 4.Nxd4 a6 5.Bd3 Bc5 6.Nb3 Ba7 7.O-O Nc6 8.c4 Nf6
9.Bf4 h5 10.h3 h4 11.Nc3 Nh5 12.Bd6 Qf6 13.c5 b6 14.Re1 Ne5 15.Nd5 Qg5 16.Nc7+ Kd8
17.Bxe5 Qxe5 18.Nxa8 Bb8 19.Kf1 Rh6 20.Be2 Nf4 21.Nxb6 Nxg2 22.Bf3 Nxe1 23.Kxe1 Rg6
24.Ke2 Rf6 25.Qd2 a5 26.Nxc8 Kxc8 27.Rd1 d6 28.Nxa5 d5 29.Nc6 Qc7 30.Nxb8 Qxb8
31.b4 Qe5 32.Qd4 Qf4 33.Qe3 Qe5 34.Rd2 Qh2 35.exd5 Qxh3 36.d6 Rg6 37.Qe4 e5
38.Qc6+  1-0

[Event "ARG-ch"]
[Site "Buenos Aires"]
[Date "1985.??.??"]
[Round "1"]
[White "Mahia, Gustavo"]
[Black "Grinberg, Ricardo"]
[Result "1/2-1/2"]
[WhiteElo "2305"]
[BlackElo "2370"]

1.e4 c5 2.Nf3 e6 3.d4 cxd4 4.Nxd4 a6 5.Bd3 Nf6 6.O-O d6 7.c4 Be7 8.Nc3 O-O
9.Qe2 Qc7 10.Be3 Re8 11.Rac1 b6 12.f4 Bb7 13.f5 Bf8 14.fxe6 fxe6 15.Rxf6 gxf6
16.Nxe6 Rxe6 17.Qg4+ Kf7 18.Qh5+ Kg8 19.Qg4+ Kf7 20.Nd5 Qd7 21.Nxb6 Qe7 22.Nd5 Bxd5
23.cxd5 Re5 24.Qc8 Qe8 25.Rc7+ Re7 26.Qe6+ Kg7 27.Bh6+ Kxh6 28.Qxf6+ Qg6
29.Qxf8+ Rg7 30.Qf4+ Qg5 31.Qxd6+ Qg6 32.Qf4+ Qg5 33.Qd6+ Qg6 34.Qf4+ Qg5  1/2-1/2

[Event "ARG-ch"]
[Site "Buenos Aires"]
[Date "1985.??.??"]
[Round "8"]
[White "Szmetan, Jorge"]
[Black "Panno, Oscar"]
[Result "0-1"]
[WhiteElo "2375"]
[BlackElo "2505"]

1.e4 c5 2.Nf3 e6 3.d4 cxd4 4.Nxd4 a6 5.Bd3 Nf6 6.O-O Qc7 7.Nc3 Nc6 8.Nb3 Be7
9.f4 d6 10.Qe2 O-O 11.Bd2 Re8 12.Rae1 Nd7 13.Kh1 g6 14.Rf3 b5 15.Rh3 Bf6
16.Nd1 Bb7 17.c3 Bg7 18.Nf2 Re7 19.Ng4 f5 20.Nh6+ Bxh6 21.Rxh6 Nf6 22.exf5 exf5
23.Qf1 Rae8 24.Rxe7 Nxe7 25.Rh3 Be4 26.Be2 Bd5 27.Be3 Ne4 28.Qd1 Bc4 29.Rf3 Bxe2
30.Qxe2 Nd5 31.Kg1 Kf7 32.Qd3 Qc4 33.Qxc4 bxc4 34.Na5 Nxe3 35.Rxe3 Rc8 36.Re1 Ke6
37.Re2 Kd5 38.g3 Kc5 39.b4+ cxb3 40.Nxb3+ Kc4 41.Re3 Rc7 42.g4 Nxc3 43.gxf5 gxf5
44.Nd2+ Kd4 45.Re6 Kd5 46.Re8 Rg7+ 47.Kf2 Ne4+ 48.Nxe4 fxe4 49.Ra8 Rg4 50.Ke3 Rh4
51.f5 Ke5 52.Rxa6 Rh3+ 53.Ke2 Rxh2+ 54.Ke1 Rh5  0-1